Návrh technológie na výrobu etylesteru kyseliny octovej
Na minha lista:
| Autor principal: | |
|---|---|
| Formato: | Livro |
| Idioma: | eslovaco |
| Publicado em: |
Bratislava
STU FCHPT
2011
|
| Acesso em linha: | View in OPAC |
| Tags: |
Sem tags, seja o primeiro a adicionar uma tag!
|
MARC
| LEADER | 00000nam a2200000 a 4500 | ||
|---|---|---|---|
| 005 | 20260127134358.0 | ||
| 008 | 110914 2011 xo 000 0 slo d | ||
| 035 | |a vtls010311061 | ||
| 039 | 9 | |y 201109140829 |z mschk03 | |
| 040 | |a STUSCHK1 |b slo |c STUSCHK1 |e AACR2 | ||
| 100 | 1 | |a Dámer, Jozef | |
| 245 | 1 | |a Návrh technológie na výrobu etylesteru kyseliny octovej |c Jozef Dámer | |
| 260 | |a Bratislava |b STU FCHPT |c 2011 | ||
| 300 | |a 30 s. |b il. |c 30 cm | ||
| 500 | |a Obháj.: 13.7. 2011 | ||
| 500 | |a Študijný program: chemické inžinierstvo | ||
| 500 | |a Študijný odbor: 5.2.17 chemické inžinierstvo | ||
| 500 | |a Bakalárska práca | ||
| 500 | |a FCHPT, Oddelenie chemického a biochemického inžinierstva | ||
| 500 | |a Evidenčné číslo: 5431-58126 | ||
| 910 | |a SCHK95 | ||
| 999 | |c 11280 |d 11280 | ||